Statistics for International City/Football team

Click here to take the quiz!

General Stats

  • This quiz has been taken 32 times
  • The average score is 21 of 28

Answer Stats

Footbal teamCity% Correct
AjaxAmsterdam
100%
ChelseaLondon
100%
PanathinaikosAthens
96%
Rangers FCGlasgow
96%
EvertonLiverpool
96%
ZenitSaint Petersburg
96%
PartizanBelgrade
92%
Boca JuniorsBuenos Aires
92%
FenerbahçeIstanbul
92%
BenficaLisbon
92%
MaccabiTel Aviv
92%
EintrachtFrankfurt
85%
InternazionaleMilan
85%
Red BullsNew York
85%
FlamengoRio de Janeiro
85%
Cruz AzulMexico City
81%
Rayo VallecanoMadrid
65%
Colo ColoSantiago
65%
CorinthiansSao Paulo
65%
MillonariosBogota
62%
BetisSeville
58%
Al-AhlyCairo
54%
CA PeñarolMontevideo
54%
GirondinsBordeaux
46%
ChivasGuadalajara
46%
Club BolívarLa Paz
46%
Newell's Old BoysRosario
35%
CS EmelecGuayaquil
19%

Score Distribution

Percentile by Number Answered

Percent of People with Each Score

Your Score History

You have not taken this quiz